000 01084nam a2200289Ia 4500
001 ebr10082054
003 CaPaEBR
006 m u
007 cr cn|||||||||
008 050310s2005 mau s 001 0 eng d
020 _z1592008267
040 _aCaPaEBR
_cCaPaEBR
035 _a(OCoLC)70737658
050 1 4 _aZ253.532.A34
_bB68 2005eb
082 0 4 _a686.2/2544536
_222
100 1 _aBotello, Chris.
245 1 0 _aAdobe indesign CSX revealed
_h[electronic resource] /
_cChris Botello.
260 _aBoston, MA :
_bThomson Course Technology PTR,
_c2005.
300 _axxii, 473 p.
500 _aIncludes index.
533 _aElectronic reproduction.
_bPalo Alto, Calif. :
_cebrary,
_d2011.
_nAvailable via World Wide Web.
_nAccess may be limited to ebrary affiliated libraries.
630 0 0 _aAdobe InDesign (Electronic resource)
650 0 _aDesktop publishing.
655 7 _aElectronic books.
_2local
710 2 _aebrary, Inc.
856 4 0 _uhttp://site.ebrary.com/lib/rucke/Doc?id=10082054
_zAn electronic book accessible through the World Wide Web; click to view
999 _c55211
_d55211